000 00299nam a22001337a 4500
003 SGT
082 _a618.2
_bN03S
100 _aSMITH,ROGER P
245 _aNETTER'S OBST. ,GYNECOLOGY AND WOMEN'S HEALTH
250 _a2ND
260 _aJERSEY
_bICON LEARNING
_c2003
300 _a290
942 _2ddc
_cBK
999 _c14033
_d14033